| 000 | 01037nam a2200313 a 4500 | ||
|---|---|---|---|
| 001 | C01483138c-6 | ||
| 003 | CO-ViMGA | ||
| 005 | 20230915232211.0 | ||
| 008 | 150727s2010 sp a gr 0001f spa d | ||
| 020 | _a9788427200302 | ||
| 040 |
_aCO-ViMGA _bspa _cCO-ViMGA |
||
| 041 | 1 | _heng | |
| 043 | _an-us--- | ||
| 082 | 0 | 4 |
_a813.5 _bK46d _219 |
| 100 | 1 |
_aKinney, Jeff, _d1971- _92348 |
|
| 245 | 1 | 0 |
_aDías de perros / _cJeff Kinney ; traducción Esteban Morán. |
| 260 |
_aBarcelona : _bRBA, _c2010. |
||
| 300 |
_a214 páginas : _bilustraciones ; _c20 cm. |
||
| 490 | 1 |
_aDiario de Greg ; _v4 |
|
| 534 |
_pTítulo original : _tDiary of a wimpy kid. Dog days. |
||
| 650 | 1 | 4 |
_aAmistad _v Novela juvenil. _92349 |
| 650 | 1 | 4 |
_aDiarios _v Novela juvenil. _92352 |
| 650 | 1 | 4 |
_aEscuelas _v Novela juvenil. _92353 |
| 650 | 1 | 4 |
_aMascotas _v Novela juvenil. _92361 |
| 650 | 1 | 4 |
_aNovela juvenil estadounidense. _91575 |
| 650 | 1 | 4 |
_aVida cotidiana _v Novela juvenil. _92355 |
| 700 | 1 |
_aMorán, Esteban, _etraductor. _92362 |
|
| 942 |
_2ddc _cBK |
||
| 999 |
_c33780 _d33780 |
||